000
00291nam a22001337a 4500
008
210303b ||||| |||| 00| 0 eng d
020
_a
0841902097
041
_a
eng
080
_a
616.8
100
_a
7
101
_a
NEU
245
_a
The Deviant Imagination
_c
Pearson,G
942
_2
udc
_c
BK
999
_c
55608
_d
55608